princess in love (Record no. 8005)
[ view plain ]
| 000 -LEADER | |
|---|---|
| fixed length control field | 00921nam a22001937a 4500 |
| 003 - CONTROL NUMBER IDENTIFIER | |
| control field | OSt |
| 005 - DATE AND TIME OF LATEST TRANSACTION | |
| control field | 20260129082815.0 |
| 008 - FIXED-LENGTH DATA ELEMENTS--GENERAL INFORMATION | |
| fixed length control field | 260129b |||||||| |||| 00| 0 eng d |
| 040 ## - CATALOGING SOURCE | |
| Original cataloging agency | DWCL GS library |
| Transcribing agency | OC |
| 082 ## - DEWEY DECIMAL CLASSIFICATION NUMBER | |
| Classification number | Fic. C112p 2002 |
| 100 ## - MAIN ENTRY--PERSONAL NAME | |
| Personal name | Cabot, Meg |
| 245 ## - TITLE STATEMENT | |
| Title | princess in love |
| 260 ## - PUBLICATION, DISTRIBUTION, ETC. | |
| Place of publication, distribution, etc. | New York |
| Name of publisher, distributor, etc. | Harpercollins Publishers, Inc. |
| Date of publication, distribution, etc. | c2002 |
| 300 ## - PHYSICAL DESCRIPTION | |
| Extent | 260 |
| Dimensions | 17cm |
| 520 ## - SUMMARY, ETC. | |
| Summary, etc. | Princess mia may seem luckiest girl ever. But the truth is, mia spends all her time doing one of three things preparing for her nerve-racking entree into genovian society, slogging through the congestion unique to manhattan in december, and avoiding further smooches from her hapless boyfriend, kenny. For mia, being a princess in love is not the fairy tale it's supposed to be ... or is it? |
| 546 ## - LANGUAGE NOTE | |
| Language note | english |
| 700 ## - ADDED ENTRY--PERSONAL NAME | |
| Personal name | Meg Cabot |
| 942 ## - ADDED ENTRY ELEMENTS (KOHA) | |
| Source of classification or shelving scheme | Dewey Decimal Classification |
| Koha item type | Fiction |
| Classification part | Fic. C112P 2002 |
| Suppress in OPAC | No |
| 952 ## - LOCATION AND ITEM INFORMATION (KOHA) | |
| -- | |
| Withdrawn status | Lost status | Source of classification or shelving scheme | Damaged status | Not for loan | Home library | Current library | Shelving location | Date acquired | Source of acquisition | Total Checkouts | Full call number | Barcode | Date last seen | Price effective from | Koha item type | Uniform Resource Identifier |
|---|---|---|---|---|---|---|---|---|---|---|---|---|---|---|---|---|
| Dewey Decimal Classification | Grade School Library | Grade School Library | Fiction | 01/29/2026 | School Fund, Donation | Fic. C112p 2002 | 9931 | 01/29/2026 | 01/29/2026 | FIC. |